The Investor's Guide to Nanotechnology and Micromachines /

Guía para la realización de inversiones en los campos de la micromáquinas y la nanotecnología, ámbitos de innovación tecnológica en vías de asentarse plenamente. Es presentada una panorámica de la investigación en nanotecnología que es llevada a cabo en laboratorios gubernamentales, universidades y...

Повний опис

Збережено в:
Бібліографічні деталі
Автор: Fishbine, Glenn (autor)
Формат: Книга
Мова:Англійська
Опубліковано: Nueva York, EUA : Wiley, 2002, c2002
Серія:(Wiley Finance)
Предмети:
Теги: Додати тег
Немає тегів, Будьте першим, хто поставить тег для цього запису!

MARC

LEADER 00000nam^a2200000^a^4500
001 000149642
005 20250521000000.0
009 20260310100108.296
020 |a 0-471-44355-7 
037 |a Acervo ITESO - Biblioteca 
041 |a ING 
082 |a 338. 476205  |b FIS 
100 |a Fishbine, Glenn  |e (autor) 
245 1 4 |a The Investor's Guide to Nanotechnology and Micromachines /  |c G. Fishbine. 
264 4 |a Nueva York, EUA :  |b Wiley,  |c 2002, c2002 
300 |a XIV, 258 p. 
336 |a texto  |b txt  |2 rdacontenido 
337 |a sin mediación  |b n  |2 rdamedio 
338 |a volumen  |b nc  |2 rdasoporte 
440 1 |a (Wiley Finance) 
520 |a Guía para la realización de inversiones en los campos de la micromáquinas y la nanotecnología, ámbitos de innovación tecnológica en vías de asentarse plenamente. Es presentada una panorámica de la investigación en nanotecnología que es llevada a cabo en laboratorios gubernamentales, universidades y programas corporativos de investigación y desarrollo. Los inversionistas acceden a explicaciones de temas tecnológicos que han de conocer para evaluar sus oportunidades de negocio en seis áreas: redes eléctricas, sistemas de locomoción, sistemas de control, sistemas sensores, sistemas actuadores y sistemas de disposición. Asimismo, son abordadas las principales y más prometedoras esferas de aplicación de la nanotecnología, como son la medicina, la ingeniería aeroespacial, las ciencias militares y los materiales de ingeniería. 
649 |a XX 
650 |a Semiconductores -  |x Industria y Comercio 
650 |a Semiconductores -  |x Aspectos Económicos 
650 |a Nanotecnología -  |x Industria y Comercio 
650 |a Nanotecnología -  |x Aspectos Económicos 
650 |a Microelectrónica -  |x Aspectos Económicos 
650 |a Industria Electrónica 
650 |a Ingeniería 
650 |a Inversiones 
650 |a Economía 
910 |a Fondo General 
920 |a Impresos - Libros 
930 |a Colección General 
905 |a 101 
901 |a 0500079215  |b IT1  |c ACC  |u 20250521 
902 |a https://opac.biblio.iteso.mx/vufind/Record/000149642